Trotsky El profeta desterrado (1929-1940)
| Main Author: | |
|---|---|
| Format: | Section = Libro |
| Language: | Undetermined Spanish |
| Published: |
México
El Amanecer
1979
|
| Edition: | 4a.ed |
| Subjects: |
| LEADER | 00480nam a2200193Ia 4500 | ||
|---|---|---|---|
| 008 | 240830s9999 xx 000 0 und d | ||
| 040 | |a B-ESTELÍ- RUACS / 335.433 D486 | ||
| 041 | |a spa | ||
| 082 | |a 335.433 D486 | ||
| 100 | 1 | |a Deutscher, Isaac | |
| 245 | 1 | 0 | |a Trotsky El profeta desterrado (1929-1940) |
| 250 | |a 4a.ed | ||
| 260 | |a México |b El Amanecer |c 1979 | ||
| 300 | |a 483 p:il | ||
| 650 | 7 | |a POLITICA | |
| 650 | 7 | |b SOCIALISMO | |
| 942 | |c BK |2 ddc | ||
| 991 | |a TEXTO | ||
| 999 | |c 10770 | ||